| 000 | 00877nam a22001817a 4500 | ||
|---|---|---|---|
| 003 | OSt | ||
| 005 | 20260508072203.0 | ||
| 008 | 260508b |||||||| |||| 00| 0 eng d | ||
| 040 |
_aDWCL GS lib _cOC |
||
| 082 | _aFic. K26s 1996 | ||
| 100 | _aKeene, Carolyn | ||
| 245 |
_anancy drew mystery stories 45: _bthe spider sapphire mystery _cCarolyn Keene |
||
| 260 |
_aNew York _bGrosset & Dunlap _cc1968 |
||
| 300 |
_a176 _c20cm |
||
| 520 | _aThe Spider Sapphire Mystery (1967/1968), the 45th Nancy Drew mystery, follows Nancy, Bess, George, and Ned on a dangerous safari in East Africa to recover a stolen, rare sapphire. Nancy clears her father's client, Floyd Ramsay, of accusations that he stole the gem, ultimately uncovering a blackmail scheme and a missing guide. | ||
| 700 | _aCarolyn Keene | ||
| 942 |
_2ddc _cFIC. _hFic. K26s 1996 _n0 |
||
| 999 |
_c10325 _d10325 |
||